<?xml version="1.0" encoding="UTF-8"?>
<collection xmlns="http://www.loc.gov/MARC21/slim">
 <record>
  <leader>00522pamaa2200181   4500</leader>
  <controlfield tag="001">0000022343</controlfield>
  <controlfield tag="005">20060805090000.0</controlfield>
  <datafield tag="020" ind1="0" ind2="0">
   <subfield code="a">0807029130 </subfield>
  </datafield>
  <datafield tag="090" ind1="0" ind2="0">
   <subfield code="a">BF173.F85 </subfield>
   <subfield code="b">ABR 1986</subfield>
  </datafield>
  <datafield tag="100" ind1="1" ind2="0">
   <subfield code="a">ABRAMSON </subfield>
  </datafield>
  <datafield tag="245" ind1="1" ind2="0">
   <subfield code="a">Liberation and its limits : </subfield>
   <subfield code="b">the moral and political thought of freud  </subfield>
   <subfield code="c">Jeffrey B. Abramson.</subfield>
  </datafield>
  <datafield tag="260" ind1="0" ind2="0">
   <subfield code="a">Boston: </subfield>
   <subfield code="b">Beacon Press, </subfield>
   <subfield code="c">1986.</subfield>
  </datafield>
  <datafield tag="300" ind1=" " ind2=" ">
   <subfield code="a">xi, 160p.; </subfield>
   <subfield code="c">23cm.</subfield>
  </datafield>
  <datafield tag="600" ind1="1" ind2="0">
   <subfield code="a">Freud, Sigmund, 1855-1939</subfield>
  </datafield>
  <datafield tag="650" ind1="0" ind2="0">
   <subfield code="a">Psychoanalysis </subfield>
  </datafield>
  <datafield tag="650" ind1="0" ind2="0">
   <subfield code="a">Autonomy (Psychology) </subfield>
  </datafield>
  <datafield tag="650" ind1="0" ind2="0">
   <subfield code="a">Individuality </subfield>
  </datafield>
 </record>
</collection>
